| 000 | 01273nam a22003617a 4500 | ||
|---|---|---|---|
| 001 | BR2014001326 | ||
| 003 | BR-BrBNA | ||
| 005 | 20230928104405.0 | ||
| 007 | ta | ||
| 008 | 230509b bl.||||| |||| 00| 0 por d | ||
| 040 |
_aBR-BrBNA _bpor _cBiblioteca Nacional de Agricultura |
||
| 041 | _a(Por) | ||
| 072 |
_aH20; H10 _b0120 _b4020 _b4110 |
||
| 090 | _ 0120 BR2014001326 | ||
| 100 | 1 | _aPinheiro, D.H. | |
| 110 | 1 |
_aUniversidade Federal de Lavras, MG (Brasil) _0Tese (Mestrado) |
|
| 245 | 1 | _aInteração de proteínas Cry1A com as vesículas da borda escovada da membrana apical (BBMVs)do intestino médio de Spodoptera frugiperda e Diatraea saccharalis e avaliação do tempo de cultivo sobre a produção de Beta-exotoxina em isolados de Bacillus thuringiensis | |
| 260 | 3 |
_aLavras, MG (Brasil): _c2013. |
|
| 300 | _a134 p. | ||
| 500 | _aSummaries (Eng, Por); Several bibliography; 5 tables; 11 illus. | ||
| 650 | _aMILHO | ||
| 650 | _aPLANTA TRANSGÊNICA | ||
| 650 | _aVARIEDADE | ||
| 650 | _aSPODOPTERA FRUGIPERDA | ||
| 650 | _aLAGARTA | ||
| 650 | _aDIATRAEA SACCHARALIS | ||
| 650 | _aBROCA | ||
| 650 | _aBACILLUS THURINGIENSIS | ||
| 650 | _aBACTÉRIA | ||
| 650 | _aCONTROLE BIOLÓGICO | ||
| 909 |
_a202309 _bLucia _c55 _dLucia Elande |
||
| 942 | _cBK | ||
| 999 |
_c79647 _d79647 |
||